Riconosci il Pokémon - Quiz n°346 - Statistics

Statistiche generali
  • Questo quiz è stato fatto 0 volte
  • Il punteggio medio è 0 su 10
Statistiche sulle risposte
Indizio Risposta % Corretto
Altezza 0,3 m
0%
Tasso di cattura 120 (24.9%)
0%
Sesso 50% ♂, 50% ♀
0%
Peso 8,4 kg
0%
Tipo Coleottero
0%
Tasso di allevamento Medio-Veloce
0%
Abilità Muta; Amicoscudo
0%
Stadio evoluzione Prima evoluzione
0%
Generazione Sesta
0%
Pokémon Spewpa
0%
Nessun quiz corrispondente trovato
Distribuzione punteggi
Percentuale di utenti per punteggio
Percentile per numero di risposta
I tuoi punteggi nel tempo
Non hai fatto questo quiz